| 000 | 00927nam a22002297a 4500 | ||
|---|---|---|---|
| 999 |
_c21200 _d21200 |
||
| 003 | AR-CdUCM | ||
| 008 | 190410b ||||| |||| 00| 0 spa d | ||
| 020 | _a9786124691126 | ||
| 040 |
_aMUNICIPALIDAD PROVINCIAL DEL CUSCO _cBIBLIOTECA MUNICIPAL DEL CUSCO |
||
| 082 |
_a373.1 / Q76 _bQ76 |
||
| 100 |
_aQuispe Suni, Nicasio _944290 |
||
| 245 | _aDidactia Universitaria / | ||
| 260 |
_aCusco : _bAlpha, _c2017. |
||
| 300 |
_a349 páginas ; _c29 cm. |
||
| 505 | _aContenido: Teorías y corrientes Psicopedagógicas -- Diseño curricular basado en competencias -- Sílabo y sesión de aprendizaje basado en competencias -- Evaluación de la enseñanza y aprendizaje -- Evaluación y gestión curricular. | ||
| 650 |
_aEducación. _9460 |
||
| 650 |
_aDidáctica educativa. _931118 |
||
| 650 |
_aPedagogía _91560 |
||
| 710 |
_aUniversidad Nacional de San Antonio Abad del Cusco _915942 |
||
| 942 |
_2ddc _cLIBROS |
||
| 945 | _aRoel | ||